Click a Fox Show (2000s) Quiz Stats

Quiz Updated Nov 22, 2017

Challenge
Share
Tweet
Score 0/20 Timer 04:00
0 Plays Today
% Correct
Hell's Kitchen
96.7%
House, M.D.
96.4%
Prison Break
95.7%
Malcolm in the Middle
94%
So You Think You Can Dance
93.3%
American Idol
92.6%
Glee
92.5%
The Cleveland Show
91.7%
24
91.4%
The Bernie Mac Show
91%
% Correct
Bones
89.7%
Arrested Development
88.8%
The Tick
88.4%
American Dad!
85.7%
The O.C.
84.7%
Boston Public
80.5%
Grounded for Life
78.7%
Fringe
78.3%
Dollhouse
77.8%
'Til Death
75.1%

You're not logged in!

Compare scores with friends on all Sporcle quizzes.
Sign Up with Email
OR
Log In

You Might Also Like...

Show Comments

Extras

Top Quizzes Today


Score Distribution

Your Account Isn't Verified!

In order to create a playlist on Sporcle, you need to verify the email address you used during registration. Go to your Sporcle Settings to finish the process.